| 000 | 00378nam a2200145 a 4500 | ||
|---|---|---|---|
| 001 | 2640 | ||
| 003 | CDMR | ||
| 005 | 20130116135233.0 | ||
| 008 | 130130s1972||||||||||||||||||||||||||||d | ||
| 040 |
_aCDMR _bcat _cCDMR |
||
| 100 | 1 |
_aCrexell, Joan _91977 |
|
| 245 | 1 | 4 |
_aLos hechos del 6 de octubre de 1934 en Barcelona... _cJuan Crexells Playa |
| 260 |
_aBarcelona _c1972 |
||
| 942 | _cTSN | ||
| 999 |
_c2640 _d2640 |
||